<?xml version="1.0" encoding="UTF-8"?>
<collection xmlns="http://www.loc.gov/MARC21/slim">
  <record>
    <leader>00000nam  2200000   4500</leader>
    <controlfield tag="001">INLIS000000000016533</controlfield>
    <controlfield tag="005">20231127112632</controlfield>
    <datafield tag="035" ind1="#" ind2="#">
      <subfield code="a">0010-1123000176</subfield>
    </datafield>
    <datafield tag="245" ind1="1" ind2="#">
      <subfield code="a">Pasar Sehat Kutai Kartanegara Bidang Pengembangan dan Pemberdayaan Pasar Dinas Perindustrian dan Perdagangan Kabupaten Kutai Kurtanegara /</subfield>
      <subfield code="c">H. Anwari Fitrakh. S.AG</subfield>
    </datafield>
    <datafield tag="100" ind1="1" ind2="#">
      <subfield code="a">Anwari, Fitrakh</subfield>
    </datafield>
    <datafield tag="250" ind1="#" ind2="#">
      <subfield code="a">1</subfield>
    </datafield>
    <datafield tag="300" ind1="#" ind2="#">
      <subfield code="a">75 halaman :</subfield>
      <subfield code="b">ilustrasi ;</subfield>
      <subfield code="c">30 cm</subfield>
    </datafield>
    <datafield tag="260" ind1="#" ind2="#">
      <subfield code="a">Samarinda :</subfield>
      <subfield code="b">Puslatbang KDOD,</subfield>
      <subfield code="c">2023</subfield>
    </datafield>
    <datafield tag="084" ind1="#" ind2="#">
      <subfield code="a">PKA 176 2023</subfield>
    </datafield>
    <datafield tag="650" ind1="#" ind2="4">
      <subfield code="a">Proyek Perubahan</subfield>
    </datafield>
    <datafield tag="650" ind1="#" ind2="4">
      <subfield code="a">Administrator</subfield>
    </datafield>
    <datafield tag="650" ind1="#" ind2="4">
      <subfield code="a">inovasi pemerintah</subfield>
    </datafield>
    <datafield tag="650" ind1="#" ind2="4">
      <subfield code="a">layanan masyarakat</subfield>
    </datafield>
    <datafield tag="650" ind1="#" ind2="4">
      <subfield code="a">kebersihan pasar</subfield>
    </datafield>
    <datafield tag="650" ind1="#" ind2="4">
      <subfield code="a">kesehatan masyarakat</subfield>
    </datafield>
    <datafield tag="650" ind1="#" ind2="4">
      <subfield code="a">gizi masyarakat</subfield>
    </datafield>
    <datafield tag="520" ind1="#" ind2="#">
      <subfield code="a">Proyek perubahan ini berangkat dari keinginan masyarakat agar adanya pasar yang sehat yang menjual produk makanan dan minuman yang aman sehat dan bermutu tinggi. Inovasi Pasar Sehat Kutai Kartanegara dapat menumbuhkan kesadaran pedagang dan pengunjung terhadap pentingnya menjaga kebersihan serta mengadakan pengawasan dari pihak berwenang terhadap kebersihan dan sanitasi pasar sehingga mewujudkan pasar yang bersih aman dan nyaman dan sehat  yang menyediakan bahan pangan yang aman dan bergizi bagi masyarakat.</subfield>
    </datafield>
    <datafield tag="500" ind1="#" ind2="#">
      <subfield code="a">Coach : Dr. Fajar Iswahyudi, SE., MPA &#13;
Penguji : Dr. Muhammad Aswad, M.Si&#13;
Mentor : Arfan Boma Pratama, AP</subfield>
    </datafield>
    <datafield tag="990" ind1="#" ind2="#">
      <subfield code="a">PKA/176/2023</subfield>
    </datafield>
  </record>
</collection>
